000 00695 a2200277 4500
260 _aChambery
630 _a65 - Gestion et organisation de lindustrie, du commerce, de la communication et des transports
037 _b1, UREF
650 _a6 - SCIENCES APPLIQUEES
100 _aMartin, Marie-Angès
700 _aPage, Olivier le
260 _bEd. Genie des Glaciers
245 _aNegocier pour vendre
300 _a152p
650 _aVente : technique
260 _c2002
300 _b26 cm
100 _lFr
440 _aL'Innovation Pédagogique
037 _a04/540
037 _a04/541
037 _a04/428
020 _a2-84347-186-9
999 _c43691
_d43691